Carbon Footprinting and labelling of construction products (Record no. 114855)

MARC details
000 -LEADER
fixed length control field 00756cam a22002295a 4500
001 - CONTROL NUMBER
control field L157586
008 - FIXED-LENGTH DATA ELEMENTS--GENERAL INFORMATION
fixed length control field 130129s2011 xxk f 000 0 eng d
020 ## - INTERNATIONAL STANDARD BOOK NUMBER
International Standard Book Number 9781848061903
035 ## - SYSTEM CONTROL NUMBER
System control number (Sirsi) u157586
041 0# - LANGUAGE CODE
Language code of text/sound track or separate title eng
100 1# - MAIN ENTRY--PERSONAL NAME
Personal name Doran, Daniel
245 00 - TITLE STATEMENT
Title Carbon Footprinting and labelling of construction products
260 ## - PUBLICATION, DISTRIBUTION, ETC.
Place of publication, distribution, etc. Watford
Name of publisher, distributor, etc. BRE
Date of publication, distribution, etc. 2011
300 ## - PHYSICAL DESCRIPTION
Extent 12p.
Other physical details ill.
Dimensions 30cm.
490 #0 - SERIES STATEMENT
Series statement BRE Information Paper
Volume/sequential designation (5/11)
520 ## - SUMMARY, ETC.
Summary, etc. Defines the terms 'carbon footprinting' and 'carbon labelling' in the context of construction products, and outlines the life -cycle assessment (LCA) principles that underpin them.
521 ## - TARGET AUDIENCE NOTE
Target audience note Advanced
590 ## - LOCAL NOTE (RLIN)
Local note KA
651 #4 - SUBJECT ADDED ENTRY--GEOGRAPHIC NAME
Geographic name ENGLAND AND WALES
700 1# - ADDED ENTRY--PERSONAL NAME
Personal name Anderson, Jane
942 ## - ADDED ENTRY ELEMENTS (KOHA)
Suppress in OPAC 0
Holdings
Withdrawn status Lost status Source of classification or shelving scheme Damaged status Not for loan Home library Current library Shelving location Date acquired Total Checkouts Full call number Barcode Date last seen Copy number Price effective from Koha item type
    Dewey Decimal Classification     London London BRE publications 29/01/2013   BRE- LONDON 30075081 06/08/2019 1 06/08/2019 Book